Neodkladné opatrenia ako prostriedok ochrany duševného vlastníctva s dôrazom na legislatívu EÚ

Všeobecné vymedzenie inštitútu neodkladného opatrenia. Osobitosti inštitútu neodkladného opatrenia v oblasti práva duševného vlastníctva. Obsah neodkladného opatrenia. Neodkladné opatrenie v kontexte legislatívy Európskej únie.

Salvato in:
Dettagli Bibliografici
Autore principale: Serfözö, Martin
Natura: Capitolo di libro
Lingua:slovacco
Soggetti:
Tags: Aggiungi Tag
Nessun Tag, puoi essere il primo ad aggiungerne!!

MARC

LEADER 00000nla a2200000 4500
001 0248146
005 20250730115417.3
041 0 |a slo 
044 |a SK 
245 1 0 |a Neodkladné opatrenia ako prostriedok ochrany duševného vlastníctva s dôrazom na legislatívu EÚ  |c Martin Serfözö 
520 |a Všeobecné vymedzenie inštitútu neodkladného opatrenia. Osobitosti inštitútu neodkladného opatrenia v oblasti práva duševného vlastníctva. Obsah neodkladného opatrenia. Neodkladné opatrenie v kontexte legislatívy Európskej únie. 
610 2 0 |a zákony 
610 2 0 |a Slovensko 
610 2 0 |a Európska únia 
610 2 0 |a harmonizácia 
610 2 0 |a ochrana vlastníctva 
610 2 0 |a vlastníctvo duševné 
100 1 |a Serfözö, Martin